000 00759nam a2200241Ia 4500
003 OSt
005 20220926004619.0
006 a|||||r|||| 00| 0
007 ta
008 220923b |||||||| |||| 00| 0 eng d
020 _a9788415811804
_c637.5
037 _b11698, 15/03/2013, ASIAN BOOK CENTRE
_cGeneral Book
040 _aRTL
_cRTL
_beng
041 _2eng
_aeng
082 _aY73(MY6), Q3
100 _aDEVY G N
245 0 _aNarrating nomadism
_b Tales of recovery and resistance.
260 _a New Delhi
_bRoutledge
_c2013
300 _aix, 272p. Bibliography chapterwise
_ccm.
650 _aSociology
942 _hY73(MY6), Q3
_cGB
_2CC
999 _c611774
_d611774